| 000 | 00937nam a2200241Ia 4500 | ||
|---|---|---|---|
| 999 |
_c53237 _d53237 |
||
| 001 | 20278 | ||
| 003 | GE_BSU | ||
| 005 | 20220304144036.0 | ||
| 008 | 181216s ||||ge |||||||||||||| ||geo|| | ||
| 040 | _cGE_BSU | ||
| 041 | _ageo | ||
| 080 | _a811.353.1-825=161.1 გ-65 | ||
| 100 |
_aგოლეთიანი, გ. _913587 |
||
| 245 |
_aქართულ-რუსული სასაუბრო / _cგ. გოლეთიანი ; რედ. ი. ხუციშვილი. |
||
| 250 | _aმესამე გამოცემა | ||
| 264 |
_aთბილისი : _bთბილ. უნ-ტის გამ-ბა, _c1978. |
||
| 300 |
_a176 გვ. ; _c20 სმ. |
||
| 541 | _h2ლ. | ||
| 653 | _aქართული ენა | ||
| 653 | _aქართულ-რუსული სასაუბრო | ||
| 700 |
_aხუციშვილი, ი. _eრედაქტორი _94472 |
||
| 942 |
_cBK _2udc |
||